00305nam a22001337a 4500008004100000020001800041041000800059080000800067100000700075101000800082245005200090942001200142999001700154180924b xxu||||| |||| 00| 0 eng d a9780130186621 aeng a070 a39 aMED aFlash-Back a brief history of filmcGiannetti,L 2udccBK c48330d48330